000 00479nam a2200181Ia 4500
001 22500
005 20260414150835.0
008 260414t2009||||xx |||||||||||||| ||spa||
041 _aESP
082 _a621.382
_bA153
100 _aAnfinson, David
_eAUT
245 0 _aFundamentos de tecnología de la información :
_bhardware y software para PC
260 _c2009
300 _axxxix, 678 páginas :
_c24 cm.
650 _aTCA
654 _aCET
942 _cLIB
_dJUS
_fJUS
_2ddc
_n
999 _c22500
_d22500